000 00709nam a2200229 a 4500
001 51257
003 BD-RjUL
005 20211209075631.0
008 160830s1953 nyu 000 0 eng c
035 _a(BD-RjUL)51377
040 _aDLC/ICU
_cCGU
_dUKM
_dEQO
_dBD-RjUL
_beng
041 _aeng
082 0 _a515.9
_223
_bTHI 1953
100 1 _aThron, Wolfgang J.
_9138910
245 1 0 _aIntroduction to the theory of functions of a complex variable. /
_cWolfgang J.Thron
260 _aNew York :
_bJohn Wiley & sons,
_c1953
300 _a230 p. ;
_c24 cm.
650 0 _aFunctions of complex variables.
_9153340
740 0 1 _aTheory of functions of a complex variable.
942 _2ddc
_cBK
999 _c51257
_d51257